| 000 | 00000nam##2200000za#4500 |
| 001 | 9.625866 |
| 003 | CaOODSP |
| 005 | 20200421163422 |
| 007 | ta |
| 008 | 150406|2001||||xxc||||| f|0| 0 fre|d |
| 020 | |a0-662-86606-1 |
| 040 | |aCaOODSP|bfre |
| 043 | |an-cn--- |
| 086 | 1 |aNH18-23/85F |
| 110 | 2 |aSociété canadienne d'hypothèques et de logement. |
| 245 | 10|aÉvaluation du coût global des infrastructures d'énergie, d'approvisionnement en eau et d'élimination des déchets solides et liquides dans le District régional de la vallée du Fraser |
| 260 | |aOttawa - Ontario : |bSociété canadienne d'hypothèques et de logement |c2001. |
| 300 | |a5p. ; |c28 cm. |
| 490 | 1 |aLe point en recherche. Série socio-économique |v85 |
| 563 | |aDépliant |
| 590 | |a01-51|b2001-12-28 |
| 691 | 07|aGestion des déchets|2gcpds |
| 691 | 07|aGestion de l'eau|2gcpds |
| 691 | 07|aInfrastructure|2gcpds |
| 691 | 07|aProvinces de l'Ouest|2gcpds |
| 775 | 08|tAssessing the full costs of water, liquid waste, energy and solid waste infrastructure in the Fraser Valley Regional District (FVRD) |w(CaOODSP)9.615861 |
| 776 | 0#|tÉvaluation du coût global des infrastructures d'énergie, d'approvisionnement en eau et d'élimination des déchets solides et liquides dans le District régional de la vallée du Fraser |w(CaOODSP)9.602190 |
| 830 | #0|aLe point en recherche. Série socio-économique ;|v85|w(CaOODSP)9.513180 |